Catálogo público

Micropropagación y caracterización molecular de dos poblaciones silvestres de Laelia gouldiana Rchb. f. / (Record no. 218716)

MARC details
000 -CABECERA
campo de control de longitud fija 02804nam a2200277 a 4500
003 - IDENTIFICADOR DEL NÚMERO DE CONTROL
campo de control OSt
005 - FECHA Y HORA DE LA ÚLTIMA TRANSACCIÓN
campo de control 20240904143424.0
007 - CAMPO FIJO DE DESCRIPCIÓN FÍSICA--INFORMACIÓN GENERAL
campo de control de longitud fija cr ||||||a|c|a
008 - DATOS DE LONGITUD FIJA--INFORMACIÓN GENERAL
campo de control de longitud fija 230509b2022 mx a|||fom||| 001 0 s d
040 ## - FUENTE DE LA CATALOGACIÓN
Normas de descripción rda
100 1# - ENTRADA PRINCIPAL--NOMBRE DE PERSONA
9 (RLIN) 186177
Nombre de persona Villafuerte Salazar, Alejandra
245 10 - MENCIÓN DE TÍTULO
Título Micropropagación y caracterización molecular de dos poblaciones silvestres de Laelia gouldiana Rchb. f. /
Mención de responsabilidad, etc. Por Alejandra Villafuerte Salazar; director de tesis Margarita Gisela Peña Ortega.
264 #1 - PRODUCCIÓN, PUBLICACIÓN, DISTRIBUCIÓN, FABRICACIÓN Y COPYRIGHT
Producción, publicación, distribución, fabricación y copyright Chapingo, México :
Nombre del de productor, editor, distribuidor, fabricante El autor,
Fecha de producción, publicación, distribución, fabricación o copyright 2022.
300 ## - DESCRIPCIÓN FÍSICA
Extensión 1 recurso en línea (71 páginas):
Otras características físicas Cuadros y figuras
336 ## - TIPO DE CONTENIDO
Fuente rdacontent
Término de tipo de contenido texto
Código de tipo de contenido txt
337 ## - TIPO DE MEDIO
Fuente rdamedia
Nombre/término del tipo de medio computadora
Código del tipo de medio c
338 ## - TIPO DE SOPORTE
Fuente rdacarrier
Nombre/término del tipo de soporte recurso en línea
Código del tipo de soporte cr
502 ## - NOTA DE TESIS
Tipo de título Maestría en Ciencias en Biotecnología Agrícola
Nombre de la institución que otorga el título Departamento de Enseñanza, Investigación y Servicio en Fitotecnia,
Año de obtención del título 2022
Información miscelánea Maestría
504 ## - NOTA DE BIBLIOGRAFÍA, ETC.
Nota de bibliografía, etc. Incluye referencias bibliográficas: páginas 10-17, 34-37, 56-58
520 ## - SUMARIO, ETC.
Sumario, etc. Laelia gouldiana representa el único caso de una especie de orquídea extinta en su hábitat natural y que se conserva gracias al cultivo ex situ en la Reserva de la Biósfera de la Barranca de Metztitlán (RBBM), Hidalgo, México. Se ha observado que estos ejemplares presentan una mínima o nula producción de frutos; los cuales presentan semillas infértiles por lo que se sospecha un problema genético por endogamia, sin embargo, con el descubrimiento de dos poblaciones in situ la presente investigación tuvo como objetivo evaluar la viabilidad de las semillas de 4 frutos y la caracterización molecular de genotipos muestreados de ambas poblaciones, mediante el uso de marcadores ISSR, con el fin de determinar el grado de variabilidad. De las 4 cápsulas evaluadas, sólo una presentó semillas con embriones viables y se reportó un porcentaje de viabilidad del 2.15 % con la prueba de cloruro de tetrazolio y el potencial de germinación fue 2.46 %. En lo referente a la caracterización molecular, mediante el empleo de 28 iniciadores ISSR se analizaron 48 genotipos y se obtuvieron 150 productos amplificados, de los cuales 126 permitieron diferenciar genotipos con 58 % de polimorfismo. El análisis de agrupamiento permitió generar tres grupos y la mayor variabilidad genética (94.44 %) se presentó al interior de las muestras poblacionales. Finalmente, el índice de diversidad de Shannon-Weaver estimado fue de 4.71. Este es el primer estudio que reporta viabilidad en las semillas y realiza un análisis exploratorio sobre la diversidad genética de L. gouldiana.
650 #4 - PUNTO DE ACCESO ADICIONAL DE MATERIA--TÉRMINO DE MATERIA
9 (RLIN) 186174
Término de materia o nombre geográfico como elemento de entrada Orquídeas
Subdivisión general Semillas
-- Germinación
650 #4 - PUNTO DE ACCESO ADICIONAL DE MATERIA--TÉRMINO DE MATERIA
9 (RLIN) 133103
Término de materia o nombre geográfico como elemento de entrada Orquídeas
Subdivisión general Micropropagación
700 1# - PUNTO DE ACCESO ADICIONAL--NOMBRE DE PERSONA
9 (RLIN) 86818
Nombre de persona Peña Ortega, Margarita Gisela
Término indicativo de función/relación Director de tesis
856 ## - LOCALIZACIÓN Y ACCESO ELECTRÓNICOS
Identificador Uniforme del Recurso http://10.13.5.2/tesis/tm/1913266-5__VILLAFUERTE_SALAZAR_ALEJANDRA.pdf
Nota pública DESCARGAR PDF
942 ## - ELEMENTOS DE PUNTO DE ACCESO ADICIONAL (KOHA)
Fuente del sistema de clasificación o colocación Clasificación Universidad Autónoma Chapingo
Tipo de ítem Koha Tesis digital
Holdings
Estado de retiro Estado de pérdida Fuente del sistema de clasificación o colocación Estado dañado Restricciones de uso No para préstamo Código de colección Localización permanente Ubicación/localización actual Ubicación en estantería Fecha de adquisición Total de préstamos Signatura topográfica completa Fecha visto por última vez Precio válido a partir de Tipo de ítem Koha
    Clasificación Universidad Autónoma de Chapingo   Préstamo interno   Tesis digitales de Maestría Biblioteca Digital Biblioteca Digital En línea 09/05/2023   Tesis digital 09/05/2023 09/05/2023 Tesis digital